| 000 | 00420nam a2200157Ia 4500 | ||
|---|---|---|---|
| 008 | 210716s2002 xx 000 0 und d | ||
| 020 | _a71204113 | ||
| 041 | _aeng | ||
| 082 | _a004.22 HAMC | ||
| 100 | _aHamacher, Carl;Vranesic, Zvonko;Zaky, Safwat. | ||
| 245 | _aComputer organization. | ||
| 250 | _a1 | ||
| 260 |
_aNew York _bMcGraw Hill _c2002 |
||
| 300 | _axx,805 | ||
| 650 | _aComputer Architecture/Organization | ||
| 999 |
_c185204 _d185204 |
||